1556 1778 1250 1713 1689 1481 1610 1143 1501 1906 1301 1779 1023 1990 1494 1472 1925 1686 1201 1913 1342 1324 1508 1370 1069 1530 1529 1159 1636 1171 1355 1179 1893 1455 1263 1983 1761 1557 1774 1278 1203 1214 1116 1285 1522 1881 1099 1156 1924 1085 1979 1793 1375 1009 1277 1992 1096 1212 1579 1964 1954 1978 1904 1044 1745 1014 1197 1463 1158 1722 1760 1916 1920 1068 1625 1600 1876 1632 1710 1607 1806 1176 1429 1576 1112 1022 1010 1728 1065 1428 1828 1269 1604 1482 1577 1768 1711 1385 1584 BCNSPRNW ULIB Ver.6.0+V

เปลี่ยนเป็นภาษาไทย

Change to English
 แสดงรายละเอียดบรรณานุกรม
  กลับหน้าหลัก

Brief Record : Get Marc (ISO 2709) : E-mail record : QR code < ปิดหน้าต่าง
LEADER : 00000nam 2200000uu 4500
001    13399128671
003     ULIB
008    230928s||||||||th 000 0 tha d
020    ^a9786163920164
060    ^aWS440^bS168น
100    ^aSally
245    ^aนิทานคลาสสิก 2 ภาษา (ไทย-อังกฤษ) สอนให้เด็กรักษาสัญญา และมีความเมตตากรุณา เจ้าชายกบ : The Frog Prince
250    ^aพิมพ์ครั้งที่ 1
260    ^aกรุงเทพฯ :^bโลกหนังสือ,^c2560
300    ^a10 หน้า;^c19 ซม.
650    ^aนิทานเด็ก
650    ^aเด็ก-พัฒนาการ
945    ^p50^l0^i30043
999    ^aกัณชพร จุลอักษร
รายการนี้ยังไม่มีแท็ก
คุณยังไม่ได้ล็อกอิน คุณสามารถมีกิจกรรมร่วมกับเว็บไซต์ได้ แต่ต้องล็อกอินก่อน ::
  ล็อกอิน

รายการสื่อสารสนเทศ

ลำดับที่ ประเภท เลขเรียก/บาร์โค้ด สถานที่ สถานะ
1. วิทยาศาสตร์การแพทย์ และสุขภาพ
วิทยาศาสตร์การแพทย์ และสุขภาพ
WS440 S168น ฉ.1 
  Barcode: 30043
ห้องสมุดวิทยาเขตนครสวรรค์
►หนังสือทั่วไป:l:General Books
บนชั้น

รายการใกล้เคียง
    ชื่อเรื่อง [นิทานคลาสสิก 2 ภาษา (ไทย-อังกฤษ) สอนให้เด็กรักษาสัญญา และมีความเมตตากรุณา เจ้าชายกบ : The Frog Prince]

    ผู้แต่ง [Sally]

    หัวเรื่อง [นิทานเด็ก]
    หัวเรื่อง [เด็ก-พัฒนาการ]

BibComment


ยังไม่เคยถูกคอมเมนท์

คอมเมนท์ทรัพยากรรายการนี้
  คอมเมนท์: นิทานคลาสสิก 2 ภ..


 Copyright 2026. Bcnsprnw @Library